The Due Diligence in Maritime Transportation in the Technological Era (Record no. 12629)

000 -LEADER
fixed length control field 03196nam a22005655i 4500
001 - CONTROL NUMBER
control field 978-3-319-66002-8
003 - CONTROL NUMBER IDENTIFIER
control field DE-He213
005 - DATE AND TIME OF LATEST TRANSACTION
control field 20250103112321.0
007 - PHYSICAL DESCRIPTION FIXED FIELD--GENERAL INFORMATION
fixed length control field cr nn 008mamaa
008 - FIXED-LENGTH DATA ELEMENTS--GENERAL INFORMATION
fixed length control field 171009s2017 sz | s |||| 0|eng d
020 ## - INTERNATIONAL STANDARD BOOK NUMBER
International Standard Book Number 9783319660028
-- 978-3-319-66002-8
024 ## - OTHER STANDARD IDENTIFIER
Standard number or code 10.1007/978-3-319-66002-8
Source of number or code doi
050 ## - LIBRARY OF CONGRESS CALL NUMBER
Classification number KZA1002-5205
050 ## - LIBRARY OF CONGRESS CALL NUMBER
Classification number KZD1002-6715
072 ## - SUBJECT CATEGORY CODE
Subject category code LBB
Source bicssc
072 ## - SUBJECT CATEGORY CODE
Subject category code LAW051000
Source bisacsh
072 ## - SUBJECT CATEGORY CODE
Subject category code LBB
Source thema
082 ## - DEWEY DECIMAL CLASSIFICATION NUMBER
Classification number 341.4
Edition number 23
100 ## - MAIN ENTRY--PERSONAL NAME
Personal name Chacón, Víctor Hugo.
Relator term author.
Relationship aut
-- http://id.loc.gov/vocabulary/relators/aut
245 ## - TITLE STATEMENT
Title The Due Diligence in Maritime Transportation in the Technological Era
Medium [electronic resource] /
Statement of responsibility, etc. by Víctor Hugo Chacón.
250 ## - EDITION STATEMENT
Edition statement 1st ed. 2017.
260 ## - PUBLICATION, DISTRIBUTION, ETC.
Place of publication, distribution, etc. Cham :
Name of publisher, distributor, etc. Springer International Publishing :
-- Imprint: Springer,
Date of publication, distribution, etc. 2017.
300 ## - PHYSICAL DESCRIPTION
Extent XV, 245 p.
Other physical details online resource.
336 ## - CONTENT TYPE
Content type term text
Content type code txt
Source rdacontent
337 ## - MEDIA TYPE
Media type term computer
Media type code c
Source rdamedia
338 ## - CARRIER TYPE
Carrier type term online resource
Carrier type code cr
Source rdacarrier
347 ## - DIGITAL FILE CHARACTERISTICS
File type text file
Encoding format PDF
Source rda
490 ## - SERIES STATEMENT
Series statement Springer Series on Naval Architecture, Marine Engineering, Shipbuilding and Shipping,
International Standard Serial Number 2194-8453 ;
Volume/sequential designation 5
520 ## - SUMMARY, ETC.
Summary, etc. This book discusses the problem of sea carriers’ liability, with a particular focus on role of the technologies that have been employed to support maritime transport in recent decades. It examines the Hague Rules, providing an overview of the precedent standard of liability, its historical development up until its application, and its construction at the current time. To do so, it presents two exemplary studies from English and American case law, and analyzes the situations in which the courts have required the application of new technologies as part of the duties set in the current governing liability regime. Written in an easy-to-follow style, the book offers not only an unique overview of the applications of technologies in making ships both seaworthy and cargo-worthy, but also a practice-oriented guide to understanding and making decisions about sea carriers’ liability. It is intended for law practitioners as well as advanced graduate students and researchers in the field of maritime shipping, transport and insurance law.
650 ## - SUBJECT ADDED ENTRY--TOPICAL TERM
Topical term or geographic name entry element Law of the sea.
650 ## - SUBJECT ADDED ENTRY--TOPICAL TERM
Topical term or geographic name entry element International law.
650 ## - SUBJECT ADDED ENTRY--TOPICAL TERM
Topical term or geographic name entry element Aeronautics
General subdivision Law and legislation.
650 ## - SUBJECT ADDED ENTRY--TOPICAL TERM
Topical term or geographic name entry element Industrial Management.
650 ## - SUBJECT ADDED ENTRY--TOPICAL TERM
Topical term or geographic name entry element Transportation engineering.
650 ## - SUBJECT ADDED ENTRY--TOPICAL TERM
Topical term or geographic name entry element Traffic engineering.
650 ## - SUBJECT ADDED ENTRY--TOPICAL TERM
Topical term or geographic name entry element Law of the Sea, Air and Outer Space.
650 ## - SUBJECT ADDED ENTRY--TOPICAL TERM
Topical term or geographic name entry element Industrial Management.
650 ## - SUBJECT ADDED ENTRY--TOPICAL TERM
Topical term or geographic name entry element Transportation Technology and Traffic Engineering.
710 ## - ADDED ENTRY--CORPORATE NAME
Corporate name or jurisdiction name as entry element SpringerLink (Online service)
773 ## - HOST ITEM ENTRY
Title Springer Nature eBook
776 ## - ADDITIONAL PHYSICAL FORM ENTRY
Relationship information Printed edition:
International Standard Book Number 9783319660011
776 ## - ADDITIONAL PHYSICAL FORM ENTRY
Relationship information Printed edition:
International Standard Book Number 9783319660035
776 ## - ADDITIONAL PHYSICAL FORM ENTRY
Relationship information Printed edition:
International Standard Book Number 9783319881492
830 ## - SERIES ADDED ENTRY--UNIFORM TITLE
Uniform title Springer Series on Naval Architecture, Marine Engineering, Shipbuilding and Shipping,
International Standard Serial Number 2194-8453 ;
Volume/sequential designation 5
856 ## - ELECTRONIC LOCATION AND ACCESS
Uniform Resource Identifier <a href="https://doi.org/10.1007/978-3-319-66002-8">https://doi.org/10.1007/978-3-319-66002-8</a>
912 ## -
-- ZDB-2-LCR
912 ## -
-- ZDB-2-SXLC
Holdings
Withdrawn status Lost status Damaged status Not for loan Permanent Location Current Location Date acquired Date last seen Price effective from Koha item type
        IMU-MPC Library IMU-MPC Library 2025-01-03 2025-01-03 2025-01-03 E-Book
Copyright © 2021 Indian Maritime University, Mumbai Port Campus. All Rights Reserved. Managed & Maintained by Central Library, IMU-Mumbai

webs counters

Powered by Koha